| 000 | 00579nam a22002057a 4500 | ||
|---|---|---|---|
| 003 | OSt | ||
| 005 | 20140310182336.0 | ||
| 008 | 130925t xxu||||| |||| 00| 0 eng d | ||
| 020 | _a0723901171 | ||
| 050 |
_aPZ 8.3 _b.C614 1995 |
||
| 082 |
_aGS 398.8 _bC56 1995 |
||
| 245 | _aThe classic mother goose / | ||
| 260 |
_aEngland : _bKibworth Beauchamp, _c1995. |
||
| 300 |
_a122 p. : _bcol. ill. ; _c28 cm. |
||
| 650 |
_aChildren's Poetry, English. _914602 |
||
| 650 |
_aNursery rhymes. _921558 |
||
| 650 |
_aEnglish poetry. _91677 |
||
| 942 |
_2lcc _cBK-GS |
||
| 999 |
_c12058 _d12058 |
||